An Electromyographic Study on the effect of recording the neutral zone on muscular activity in complete denture wearers / (رقم التسجيلة. 180182)

تفاصيل مارك
000 -LEADER
fixed length control field 01505namaa22003251i 4500
005 - أخر تعامل مع التسجيلة
control field 20260517130210.0
008 - FIXED-LENGTH DATA ELEMENTS--GENERAL INFORMATION
fixed length control field 260517s1994 ua a|||frm||| 000 0 eng d
040 ## - CATALOGING SOURCE
Original cataloguing agency EG-GICUC
Language of cataloging eng
Transcribing agency EG-GICUC
Modifying agency EG-GICUC
Description conventions rda
041 0# - LANGUAGE CODE
Language code of text/sound track or separate title eng
Language code of summary or abstract eng
-- ara
049 ## - Acquisition Source
Acquisition Source Deposit
097 ## - Degree
Degree M.Sc
099 ## - LOCAL FREE-TEXT CALL NUMBER (OCLC)
Local Call Number Cai01.09.09.1994.As.E
100 0# - MAIN ENTRY--PERSONAL NAME
Authority record control number or standard number Ashraf Emil Eskander,
Preparation preparation.
245 10 - TITLE STATEMENT
Title An Electromyographic Study on the effect of recording the neutral zone on muscular activity in complete denture wearers /
Statement of responsibility, etc. By Ashraf Emil Eskander ; Supervisors Prof. Dr. Samira I. Ibrahim, Dr. Taha Kamel Taha, Dr. Amal Fathy Kaddah
246 15 - VARYING FORM OF TITLE
Title proper/short title دراسة عضلية كهربية عن تأثير تعيين المنطقة المحايد علي النشاط العضلي في مستخدمي الاطقم الكاملة
264 #0 - PRODUCTION, PUBLICATION, DISTRIBUTION, MANUFACTURE, AND COPYRIGHT NOTICE
Date of production, publication, distribution, manufacture, or copyright notice 1995.
300 ## - PHYSICAL DESCRIPTION
Extent 140 Leaves
Other physical details illustrations
Dimensions 30 cm. +
336 ## - CONTENT TYPE
Source rda content
Content type term text
337 ## - MEDIA TYPE
Source rdamedia
Media type term Unmediated
338 ## - CARRIER TYPE
Source rdacarrier
Carrier type term volume
502 ## - DISSERTATION NOTE
Dissertation note Thesis (M.Sc.)-Cairo University, 1995.
504 ## - BIBLIOGRAPHY, ETC. NOTE
Bibliography, etc. note Bibliography: pages 117-140
653 #0 - INDEX TERM--UNCONTROLLED
Uncontrolled term muscular activity in complete denture wearers
700 0# - ADDED ENTRY--PERSONAL NAME
Personal name Samira I. Ibrahim
Relator term thesis advisor.
700 0# - ADDED ENTRY--PERSONAL NAME
Personal name Taha Kamel Taha
Relator term thesis advisor.
700 0# - ADDED ENTRY--PERSONAL NAME
Personal name Amal Fathy Kaddah
Relator term thesis advisor.
900 ## - Thesis Information
Department Department of prosthodontics
Faculties Faculty of Oral And Dental Medicine
Universities Cairo University
Grant date 1994
Supervisory body Samira I. Ibrahim
-- Taha Kamel Taha
-- Amal Fathy Kaddah
905 ## - Cataloger and Reviser Names
Cataloger Name Nehad
942 ## - ADDED ENTRY ELEMENTS (KOHA)
Source of classification or shelving scheme Dewey Decimal Classification
Koha item type Thesis
Edition 21
Suppress in OPAC No
المقتنيات
Source of classification or shelving scheme Home library Current library Date acquired Inventory number Full call number Barcode Date last seen Effective from Koha item type
Dewey Decimal Classification المكتبة المركزبة الجديدة - جامعة القاهرة مكتبة المئوية 17.05.2026 25858 Cai01.09.09.1994.As.E 01010110025858000 17.05.2026 17.05.2026 Thesis
Cairo University Libraries Portal Implemented & Customized by: Eng. M. Mohamady Contacts: new-lib@cl.cu.edu.eg | cnul@cl.cu.edu.eg
CUCL logo CNUL logo
© All rights reserved — Cairo University Libraries
CUCL logo
Implemented & Customized by: Eng. M. Mohamady Contact: new-lib@cl.cu.edu.eg © All rights reserved — New Central Library
CNUL logo
Implemented & Customized by: Eng. M. Mohamady Contact: cnul@cl.cu.edu.eg © All rights reserved — Cairo National University Library